|
|
|
|
| LEADER |
00000cam a2200000 7i4500 |
| 001 |
0000082044 |
| 005 |
20190113.0 |
| 008 |
190110 |
| 020 |
|
|
|a 9971076713
|
| 090 |
0 |
0 |
|a JF
|b ENG
|
| 100 |
0 |
|
|a Ophelia Ooi
|
| 245 |
1 |
0 |
|a The rhyming club
|c Ophelia Ooi
|
| 260 |
|
|
|a England :
|b JCS ,
|c 2000
|
| 440 |
|
|
|a Star Readers
|
| 500 |
|
|
|a Children ages 7-9 years old (orange)
|
| 650 |
|
0 |
|a Folklore
|
| 999 |
|
|
|a 0000009956
|b Book
|c Children Collection
|e Cawangan Taman Universiti
|
| 999 |
|
|
|a 0000009957
|b Book
|c Children Collection
|e Cawangan Taman Universiti
|
| 999 |
|
|
|a 0000009958
|b Book
|c Children Collection
|e Cawangan Taman Universiti
|
| 999 |
|
|
|a 0000009960
|b Book
|c Children Collection
|e Cawangan Taman Universiti
|